000 00862nam a2200265 a 4500
001 BRCA_5195
005 20190320204959.0
008 720202s1970 it-ab#####---#000-0#eng-#
020 _a600338083
041 _aeng
044 _ait
050 4 _aNK5106
_b.M37 1970
100 1 _aMariacher, Giovanni
_913302
245 1 0 _aGlass from Antiquity to the Renaissance
_cGiovanni Mariacher ; translated by Michael Cunningham.
260 _aItalia
_bHamlyn
_c1970
300 _a157 p.
_bil. a color, mapas
_c20 cm.
440 0 _aCameo
_913303
500 _aIncluye lista de ilustraciones
500 _aTraducción de: L´arte del vetro Dall´ antichità al Rinascimento
500 _aDonación Dr. Héctor Rivero Borrell Vázquez
650 1 4 _aCristalería
_xHistoria
_9686
700 1 _aCunningham, Michael
_eTraductor
_913304
902 _aDHR
942 _2lcc
_cB
999 _c4889
_d4889